000 00727nam a2200289Ia 4500
005 20260324134751.0
008 008 260324s9999 xx 000 0 eng d
020 _a9781315069074
037 _aEBOOK
040 _aCRL
040 _beng
040 _cCRL
041 _2eng
041 _aeng
084 _qCRL
100 _aRuth Kershner; Roland Chaplain
_91198073
245 0 _aUnderstanding Special Educational Needs
245 2 _bA Teacher's Guide to Effective School Based Research
260 _bTaylor and Francis
260 _c2001
365 _a
365 _b165
856 _uhttp://www.taylorfrancis.com/books/9781315069074
942 _cEBOOK
999 _c1798484
_d1798484